000 00890nam a2200277 i 4500
001 bg
245 1 0 _aTworzenie aplikacji Internetowych w Visual C++ /
_cKate Gregory [et al.] ; z ang. przeł. Tomasz Kundera.
246 _iTyt. oryg.:
_aBuilding Internet applications with Visual C++
260 _aWarszawa :
_bLT&P,
_c[1998].
300 _a460, [1] s. ;
_c24 cm +
_eCD-ROM.
500 _aTyt. oryg.: "Building Internet applications with Visual C++" 1995.
504 _aIndeks.
650 9 _aC (język programowania)
650 9 _aInternet
655 _aPodręczniki
700 1 _aGREGORY, Kate.
020 _a8387115037 (LT&P)
020 _a0789702134 (oryg.)
040 _cBPK
041 1 _apl
_hen
080 _a004.438C:004.738.5](07)
920 _a83-87115-03-7 (LT&P)
920 _a0-7897-0213-4 (oryg.)
942 _cKS
008 s pl f |000 0 pol
999 _c35926
_d35926
856 _uhttp://koha.tu.koszalin.pl/cgi-bin/koha/opac-detail.pl?biblionumber=35926
_yKatalog online BPK